| 000 | 00635nam a2200205 a 4500 | ||
|---|---|---|---|
| 001 | 000033290 | ||
| 005 | 20240412074257.0 | ||
| 008 | 110823s1953 dr 000 p spa d | ||
| 040 |
_aDO-SdBNP _bspa _cBNPHU |
||
| 082 |
_aRD861.44 _bC322m |
||
| 100 | 1 |
_aCartagena Portalatín, Aída, _d1918-1994 _923557 |
|
| 245 | 1 | 0 |
_aMi mundo el mar : _bpoema / _cAída Cartagena Portalatín. |
| 260 |
_aSanto Domingo : _bStella, _c1953. |
||
| 300 |
_a28 p : _bil. ; _c30 cm. |
||
| 490 | 1 |
_aLa isla necesaria _v2 |
|
| 650 | 0 |
_aPoesía dominicana _966 |
|
| 650 | 0 |
_aLiteratura dominicana. _967 |
|
| 830 | 0 |
_aLa isla necesaria _v2 _956759 |
|
| 049 | _aBNPD | ||
| 999 |
_c32781 _d32781 |
||